| 000 | 00796nam a22002657a 4500 | ||
|---|---|---|---|
| 003 | OSt | ||
| 005 | 20260202013151.0 | ||
| 008 | 260202b |||||||| |||| 00| 0 eng d | ||
| 020 | _a978-1-292-08958-4 | ||
| 040 |
_aDWC-Main lib _cOC |
||
| 082 | _aCirc. 658.802 M345 2018 | ||
| 100 | _aKotler, Philip | ||
| 245 |
_aMarketing management: _bAn Asian perspective/ _cPhilip Kotler |
||
| 260 |
_aUnited Kingdom : _b Pearson Education, _cc2018. |
||
| 300 |
_a845 pages : _billustrations ; _c27cm. |
||
| 504 | _aIncludes Glossary and Index | ||
| 650 | _a1. Asia | ||
| 650 | _a2. Marketing | ||
| 650 | _a3. Marketing -- Management | ||
| 700 | _aKevin Lane Keller | ||
| 700 | _aSwee Hoon Ang | ||
| 700 | _aChing Tiong | ||
| 700 | _aSiew Meong Leong | ||
| 942 |
_2ddc _cBK-CIRC _kCirc. _n0 |
||
| 999 |
_c8080 _d8080 |
||